000
00316 a2200157 4500
001
56860
020
_a
8532515614
040
_c
Anchieta - Pituba
100
_a
Gandolfi, Silvana
240
1
0
_a
Aldabra
_l
por
245
1
0
_a
Aldabra
300
_a
167
362
0
_a
2003
650
4
_a
Literatura juvenil
942
_c
BK
999
_c
56860
_d
56860